000 00292nam a2200133Ia 4500
008 230312s9999||||xx |||||||||||||| ||und||
082 _a891.4
_bAHM-T
100 _aAhmad, Ashfaq
245 0 _aTilism-i-Hosh Afza
260 _bSangeMeel
300 _a175
650 _aLiterature
942 _cBK
999 _c8695
_d8695